[Event "Hastings Masters 2022/23"]
[Site "Hastings"]
[Date "2023.01.01"]
[Round "5.13"]
[White "Lalic, Bogdan"]
[Black "Brown, Thomas"]
[Result "1/2-1/2"]
[WhiteElo "2392"]
[BlackElo "2099"]
[PlyCount "45"]
[EventDate "2022.12.28"]
[EventType "swiss"]
[EventRounds "10"]
[EventCountry "ENG"]

1. d4 d5 2. c4 e6 3. Nc3 a6 4. cxd5 exd5 5. Qb3 Bd6 6. Qxd5 Nf6 7. Qb3 c5 8.
dxc5 Bxc5 9. e3 Nc6 10. a3 O-O 11. Nf3 b5 12. Qc2 Qe7 13. Be2 Bb7 14. O-O b4
15. Na4 Ba7 16. Bd2 Rac8 17. Qb3 a5 18. Rfd1 Ne5 19. Nxe5 Qxe5 20. axb4 Bd5 21.
Qa3 Qg5 22. Bf1 Ng4 23. Be1 1/2-1/2

[Event "Hastings Masters 2022/23"]
[Site "Hastings"]
[Date "2023.01.01"]
[Round "5.14"]
[White "Finn, Peter"]
[Black "O'Gorman, Tom"]
[Result "1-0"]
[WhiteElo "2123"]
[BlackElo "2376"]
[PlyCount "111"]
[EventDate "2022.12.28"]
[EventType "swiss"]
[EventRounds "10"]
[EventCountry "ENG"]

1. d4 Nf6 2. Nf3 g6 3. g3 Bg7 4. Bg2 O-O 5. O-O d6 6. b3 c5 7. Bb2 cxd4 8. Nxd4
d5 9. c4 dxc4 10. bxc4 Qb6 11. Qb3 Nfd7 12. e3 e5 13. Nb5 Nc5 14. Qa3 Rd8 15.
Bc3 Nc6 16. Nd2 Bf5 17. Nc7 Qxc7 18. Qxc5 a6 19. Qa3 Bd3 20. Rfc1 a5 21. Bd5
Bf8 22. Qb2 Ra6 23. Nf3 Bd6 24. e4 Ne7 25. Bxe5 Nxd5 26. cxd5 Qb6 27. Qxb6 Rxb6
28. Bf6 Re8 29. e5 Be7 30. Bxe7 Rxe7 31. d6 Rd7 32. Rc3 Be4 33. Nd4 Rb4 34. Rd1
Kg7 35. a3 Ra4 36. f4 b6 37. Kf2 Bd5 38. Ke3 Rc4 39. Rxc4 Bxc4 40. Rc1 Ba6 41.
a4 Kf8 42. Rc6 Rb7 43. Rc8+ Kg7 44. Rd8 Bf1 45. g4 b5 46. Nxb5 Bxb5 47. axb5
Rxb5 48. d7 Rd5 49. Ke4 Rd1 50. f5 a4 51. e6 a3 52. Ra8 gxf5+ 53. gxf5 a2 54.
Rxa2 fxe6 55. fxe6 Kf6 56. Ra8 1-0

[Event "Hastings Masters 2022/23"]
[Site "Hastings"]
[Date "2023.01.01"]
[Round "5.15"]
[White "Wilks, Simon"]
[Black "Kueppers, Timo"]
[Result "1/2-1/2"]
[WhiteElo "2072"]
[BlackElo "2249"]
[PlyCount "56"]
[EventDate "2022.12.28"]
[EventType "swiss"]
[EventRounds "10"]
[EventCountry "ENG"]

1. e4 c5 2. Nf3 d6 3. d4 cxd4 4. Qxd4 Nf6 5. Nc3 Nc6 6. Bb5 Bd7 7. Bxc6 bxc6 8.
e5 dxe5 9. Nxe5 Qb6 10. Qc4 e6 11. O-O Qc5 12. Qxc5 Bxc5 13. Rd1 Rd8 14. Bg5
Be7 15. Rd3 Nd5 16. Bxe7 Kxe7 17. Rad1 f6 18. Nxd7 Rxd7 19. Ne4 Nb6 20. Rxd7+
Nxd7 21. b3 Rb8 22. Kf1 Rb5 23. c4 Rh5 24. h3 Re5 25. Nd6 Nb6 26. Nb7 Nd7 27.
Nd6 Nb6 28. Nb7 Nd7 1/2-1/2

[Event "Hastings Masters 2022/23"]
[Site "Hastings"]
[Date "2023.01.01"]
[Round "5.16"]
[White "Golding, James"]
[Black "Anand, Batsukh"]
[Result "1-0"]
[WhiteElo "2089"]
[BlackElo "2203"]
[PlyCount "139"]
[EventDate "2022.12.28"]
[EventType "swiss"]
[EventRounds "10"]
[EventCountry "ENG"]

1. d4 Nf6 2. c4 g6 3. Nc3 Bg7 4. e4 d6 5. f3 O-O 6. Be3 a6 7. Qd2 Nbd7 8. Nh3
c5 9. d5 b5 10. cxb5 Qa5 11. a4 Nb6 12. Nf2 Nfd7 13. Ncd1 Qxd2+ 14. Bxd2 axb5
15. Bxb5 Ba6 16. Bc6 Ra7 17. Bc3 Bxc3+ 18. Nxc3 Ne5 19. b3 Nxc6 20. dxc6 Rc8
21. Kd2 Rxc6 22. Kc2 Nd7 23. Rhd1 Nf8 24. Kb2 Ne6 25. Nd5 Rb7 26. Rac1 Nd8 27.
e5 Kg7 28. exd6 exd6 29. Rc3 f5 30. Rdc1 Ne6 31. Rd1 Ra7 32. b4 Bb7 33. b5 Rc8
34. Nb6 Rd8 35. Re3 Kf6 36. Rde1 Re8 37. Nh3 h6 38. Nf4 Nxf4 39. Rxe8 Nd3+ 40.
Ka3 Nxe1 41. Rxe1 g5 42. Nc4 Bd5 43. Nxd6 Rd7 44. Ne8+ Kf7 45. b6 Bc6 46. a5
Rd4 47. Nc7 Ra4+ 48. Kb3 Rxa5 49. Kc4 Bb7 50. Re5 Ra2 51. Nd5 Ba6+ 52. Kxc5
Rc2+ 53. Kd6 Rxg2 54. Re7+ Kg6 55. Ra7 Bc4 56. Nb4 Rd2+ 57. Kc5 g4 58. fxg4 f4
59. b7 Rd8 60. Ra8 f3 61. Rxd8 f2 62. Rd1 f1=Q 63. Rxf1 Bxf1 64. b8=Q Kg5 65.
Qg3 Be2 66. Qe3+ Kxg4 67. Qxe2+ Kh3 68. Nd3 Kh4 69. Qg2 h5 70. Qg3# 1-0

[Event "Hastings Masters 2022/23"]
[Site "Hastings"]
[Date "2023.01.01"]
[Round "5.17"]
[White "Latzke, Boris"]
[Black "Rolvag, Mikael"]
[Result "1/2-1/2"]
[WhiteElo "2194"]
[BlackElo "2110"]
[PlyCount "82"]
[EventDate "2022.12.28"]
[EventType "swiss"]
[EventRounds "10"]
[EventCountry "ENG"]

1. d4 Nf6 2. c4 d6 3. f3 e5 4. d5 Nh5 5. g3 f5 6. e4 f4 7. Ne2 Be7 8. Nbc3 O-O
9. Bg2 a5 10. Kd2 Na6 11. Kc2 Bd7 12. Qf1 Qc8 13. Bd2 c6 14. Rc1 Bd8 15. Kb1
Nc5 16. Rc2 Nd3 17. g4 Nf6 18. Ng1 Nb4 19. Rc1 Qb8 20. g5 Ne8 21. Bh3 Qc8 22.
Bxd7 Qxd7 23. h4 Na6 24. Nh3 Nc5 25. Nf2 Nc7 26. Nd3 N7a6 27. Nxc5 Nxc5 28. Be1
Bb6 29. Bf2 Rfc8 30. Rd1 Qc7 31. Qe2 Rd8 32. Rd2 Rd7 33. Rc1 Na6 34. Na4 Bxf2
35. Qxf2 c5 36. Rdd1 Re7 37. Nc3 Qd7 38. Nb5 Nc7 39. a4 Na6 40. Rh1 Nb4 41.
Rcd1 Rd8 1/2-1/2

[Event "Hastings Masters 2022/23"]
[Site "Hastings"]
[Date "2023.01.01"]
[Round "5.18"]
[White "Arnott, Jonathan W"]
[Black "Schimnatkowski, Lukas"]
[Result "0-1"]
[WhiteElo "2063"]
[BlackElo "2194"]
[PlyCount "148"]
[EventDate "2022.12.28"]
[EventType "swiss"]
[EventRounds "10"]
[EventCountry "ENG"]

1. e4 e6 2. d4 d5 3. Nd2 c5 4. exd5 Qxd5 5. Ngf3 cxd4 6. Bc4 Qd7 7. O-O Nc6 8.
Nb3 a6 9. Nbxd4 Nxd4 10. Qxd4 Qxd4 11. Nxd4 Bd7 12. Re1 Rc8 13. Be2 Bc5 14. Nb3
Bb6 15. c3 Bc6 16. Bd3 Nf6 17. Be3 Bxe3 18. Rxe3 Ke7 19. Na5 Rhd8 20. Nxc6+
Rxc6 21. Kf1 Rcd6 22. Be4 Rd1+ 23. Rxd1 Rxd1+ 24. Ke2 Ra1 25. Bxb7 Rxa2 26. Kf3
Rxb2 27. Bxa6 Nd5 28. Rd3 Rb3 29. Bc4 Rxc3 30. Rxc3 Nxc3 31. Ke3 Kd6 32. g4 g5
33. Kd4 Nd5 34. Bb3 Nf4 35. Ke4 Ng6 36. Bc2 h6 37. Bb1 Ne5 38. h3 Ng6 39. Bc2
Ke7 40. Bb1 Kf6 41. Bc2 Ne5 42. Bb3 Nd7 43. Bc2 Ke7 44. Kd4 Kd6 45. Bb1 Nf6 46.
Bc2 Nd5 47. Ke4 f6 48. Bb3 Kc5 49. Bc2 Nc3+ 50. Kd3 Kb4 51. Ke3 Kc4 52. Bd3+
Kd5 53. Bh7 Ke5 54. Bc2 Nd5+ 55. Kf3 Nf4 56. Kg3 Ne2+ 57. Kg2 Kf4 58. f3 Nd4
59. Be4 Nb3 60. Bb7 Nc5 61. Bc6 f5 62. Ba8 Nd3 63. Bc6 Ke3 64. gxf5 exf5 65. h4
gxh4 66. Bd7 Kf4 67. Bc6 Ne1+ 68. Kf2 h3 69. Kg1 Nxf3+ 70. Kh1 Ne5 71. Bb7 Kg3
72. Bd5 h2 73. Be4 Ng4 74. Bg2 Nf2# 0-1

[Event "Hastings Masters 2022/23"]
[Site "Hastings"]
[Date "2023.01.01"]
[Round "5.19"]
[White "Kett, Tim"]
[Black "Ismail, Mohammed Aayan"]
[Result "0-1"]
[WhiteElo "2184"]
[BlackElo "1963"]
[PlyCount "72"]
[EventDate "2022.12.28"]
[EventType "swiss"]
[EventRounds "10"]
[EventCountry "ENG"]

1. e4 c6 2. d4 d5 3. e5 Bf5 4. h4 h5 5. Bg5 Qb6 6. Bd3 Bxd3 7. Qxd3 e6 8. Nd2
Ne7 9. Ngf3 Nd7 10. O-O Nf5 11. c4 Qa6 12. Rfe1 dxc4 13. Nxc4 Nb6 14. b3 Be7
15. Bxe7 Kxe7 16. Qd2 Nd5 17. Ne3 Nfxe3 18. fxe3 Qa3 19. e4 Nb6 20. Rf1 Raf8
21. Rf2 Kd7 22. Raf1 Qe7 23. Qa5 Kc7 24. d5 exd5 25. exd5 cxd5 26. Nd4 Kb8 27.
Nb5 Nc8 28. Rc1 a6 29. Rc7 Qxe5 30. Re2 Qf6 31. Rf2 Qa1+ 32. Rf1 Qe5 33. Re1
Qf6 34. Rf1 Qb6+ 35. Qxb6 Nxb6 36. Re1 Nc8 0-1

[Event "Hastings Masters 2022/23"]
[Site "Hastings"]
[Date "2023.01.01"]
[Round "5.20"]
[White "Zimmermann, Klemens"]
[Black "Britton, Richard L"]
[Result "1/2-1/2"]
[WhiteElo "2247"]
[BlackElo "2091"]
[PlyCount "52"]
[EventDate "2022.12.28"]
[EventType "swiss"]
[EventRounds "10"]
[EventCountry "ENG"]

1. d4 Nf6 2. c4 e6 3. Nc3 Bb4 4. e3 b6 5. Nge2 Bb7 6. a3 Bxc3+ 7. Nxc3 O-O 8.
Bd3 d6 9. O-O Nbd7 10. e4 e5 11. d5 Ne8 12. Ne2 Qh4 13. Be3 g6 14. Qc1 Qe7 15.
Ng3 Ng7 16. Bh6 f6 17. b4 Rf7 18. Qc2 Raf8 19. Rac1 Bc8 20. f3 Kh8 21. Qa4 a6
22. Qc2 Rg8 23. Rf2 Rgf8 24. Qd2 Kg8 25. Qc2 Kh8 26. Rff1 Kg8 1/2-1/2

[Event "Hastings Masters 2022/23"]
[Site "Hastings"]
[Date "2023.01.01"]
[Round "5.21"]
[White "Okhai, Shabir"]
[Black "White, Stuart A"]
[Result "1-0"]
[WhiteElo "2149"]
[BlackElo "2021"]
[PlyCount "39"]
[EventDate "2022.12.28"]
[EventType "swiss"]
[EventRounds "10"]
[EventCountry "ENG"]

1. e4 e5 2. Nf3 Nc6 3. Bc4 Bc5 4. c3 Nf6 5. d3 O-O 6. O-O d5 7. exd5 Nxd5 8. a4
Bf5 9. Nbd2 Nb6 10. Bb5 Ne7 11. a5 a6 12. axb6 axb5 13. Rxa8 Qxa8 14. bxc7 Bd6
15. d4 Bxc7 16. Nxe5 Bxe5 17. dxe5 Rd8 18. Qb3 Qa6 19. Nf3 Be4 20. Qb4 1-0

[Event "Hastings Masters 2022/23"]
[Site "Hastings"]
[Date "2023.01.01"]
[Round "5.22"]
[White "Ogunshola, Ben"]
[Black "Liu, Tianyi (Jack)"]
[Result "1/2-1/2"]
[WhiteElo "2140"]
[BlackElo "1892"]
[PlyCount "148"]
[EventDate "2022.12.28"]
[EventType "swiss"]
[EventRounds "10"]
[EventCountry "ENG"]

1. c4 e5 2. g3 Nf6 3. Nc3 d5 4. cxd5 Nxd5 5. Bg2 Nb6 6. Nf3 Nc6 7. d3 Be7 8.
Be3 O-O 9. O-O Be6 10. a3 a5 11. Rc1 f5 12. Re1 Bf6 13. Bc5 Re8 14. e4 Qd7 15.
exf5 Bxf5 16. Ne4 Bxe4 17. dxe4 Qxd1 18. Rexd1 Rad8 19. Bxb6 cxb6 20. Rd5 Rxd5
21. exd5 Nd4 22. Rc7 Nxf3+ 23. Bxf3 e4 24. Bg4 Bxb2 25. a4 Ba3 26. Be6+ Kh8 27.
Rc4 Bc5 28. Rxe4 Rf8 29. Re2 g6 30. Kg2 Kg7 31. f4 Re8 32. Kf3 Re7 33. Ke4 Bd6
34. Rb2 Bb4 35. Rc2 Bc5 36. Rd2 Bd6 37. Rb2 Bb4 38. Rb3 Kf6 39. g4 Rc7 40. g5+
Ke7 41. Rh3 Rc4+ 42. Kd3 Rc3+ 43. Kd4 Rxh3 44. Bxh3 Bd2 45. Ke5 Bc3+ 46. Ke4 b5
47. axb5 b6 48. Bf1 a4 49. Bc4 Bd2 50. h4 Be1 51. h5 gxh5 52. f5 h4 53. f6+ Kf8
54. Kf3 Bg3 55. Kg4 a3 56. Ba2 Ke8 57. Bc4 Kf8 58. d6 Bxd6 59. Kxh4 Bf4 60. Kh5
Be3 61. Ba2 Bd2 62. Bb1 Kf7 63. Kh6 Be3 64. Be4 Kf8 65. Bd5 Bd2 66. Kh5 Be3 67.
Kg4 Bd2 68. Kf5 Be3 69. g6 hxg6+ 70. Kxg6 Bc5 71. Kf5 Bd4 72. Ke6 Bc5 73. f7
Be3 74. Kd7 Bc5 1/2-1/2

[Event "Hastings Masters 2022/23"]
[Site "Hastings"]
[Date "2023.01.01"]
[Round "5.23"]
[White "Gorgun, Aliriza Atif"]
[Black "Hryshchenko, Kamila"]
[Result "0-1"]
[WhiteElo "1850"]
[BlackElo "2139"]
[PlyCount "46"]
[EventDate "2022.12.28"]
[EventType "swiss"]
[EventRounds "10"]
[EventCountry "ENG"]

1. e4 g6 2. d4 Bg7 3. Nc3 d6 4. Be3 c6 5. Qd2 b5 6. O-O-O Nf6 7. f3 Nbd7 8. h4
h6 9. e5 b4 10. exf6 bxc3 11. Qxc3 Nxf6 12. Bc4 a5 13. a3 a4 14. g4 Rb8 15. Ne2
Qb6 16. g5 Nh5 17. Rhg1 Bf5 18. Nf4 Nxf4 19. Bxf4 hxg5 20. Bxg5 c5 21. Rge1 e6
22. Be3 Rxh4 23. f4 Rh3 0-1

[Event "Hastings Masters 2022/23"]
[Site "Hastings"]
[Date "2023.01.01"]
[Round "5.24"]
[White "Eames, Robert S"]
[Black "Pousada Garcia, Daniel"]
[Result "0-1"]
[WhiteElo "2136"]
[BlackElo "1960"]
[PlyCount "164"]
[EventDate "2022.12.28"]
[EventType "swiss"]
[EventRounds "10"]
[EventCountry "ENG"]

1. d4 d5 2. c4 e6 3. Nc3 Nf6 4. cxd5 exd5 5. Bg5 Be7 6. e3 Nbd7 7. Bd3 c6 8.
Nge2 O-O 9. O-O Re8 10. f3 h6 11. Bh4 b5 12. Bf2 a5 13. Ng3 Nb6 14. Qc2 Ba6 15.
Nf5 Bf8 16. Rac1 b4 17. Bxa6 Rxa6 18. Ne2 Nc4 19. e4 Qc8 20. e5 Nd7 21. f4 c5
22. b3 Na3 23. Qd3 c4 24. Qf3 Nf6 25. Neg3 Ne4 26. Nxe4 Qxf5 27. Ng3 Qd7 28. f5
a4 29. bxa4 c3 30. Be3 Nc4 31. Bf4 Rxa4 32. Qg4 Ra6 33. Nh5 Rg6 34. Qh3 Rg5 35.
Bxg5 hxg5 36. Qg3 Nd2 37. Qxg5 Ne4 38. Nf6+ Nxf6 39. exf6 Qd8 40. Rfe1 Re4 41.
h4 Qb6 42. Rxe4 dxe4 43. Qe3 Qxf6 44. Qxe4 Bd6 45. Kf2 Qh6 46. Rc2 Bf4 47. g3
Bc7 48. Re2 Qd6 49. Qg4 Qc6 50. Qf3 Qh6 51. Kg2 Bd6 52. Kh3 Qc1 53. Qa8+ Bf8
54. Qe4 Qf1+ 55. Kh2 Bd6 56. Qd3 Bf8 57. d5 Kh7 58. Qe4 Bc5 59. Rg2 Bd6 60. h5
Kh6 61. Qe3+ Kxh5 62. Rf2 Qc4 63. Qf3+ Kh6 64. Qe3+ Kh5 65. Qf3+ Kh6 66. Rc2
Qh4+ 67. Kg2 Qc4 68. g4 Kg5 69. f6 g6 70. Qe3+ Bf4 71. Qf3 Kxf6 72. d6 Ke6 73.
Re2+ Kxd6 74. Re4 Qxa2+ 75. Re2 Qd5 76. Re4 f5 77. Qxf4+ Kc6 78. gxf5 gxf5 79.
Qh6+ Kb5 80. Kf2 fxe4 81. Qh8 c2 82. Qe8+ Kc4 0-1

[Event "Hastings Masters 2022/23"]
[Site "Hastings"]
[Date "2023.01.01"]
[Round "5.25"]
[White "Miller, George"]
[Black "Payne, Matthew J"]
[Result "0-1"]
[WhiteElo "1808"]
[BlackElo "2116"]
[PlyCount "54"]
[EventDate "2022.12.28"]
[EventType "swiss"]
[EventRounds "10"]
[EventCountry "ENG"]

1. c4 Nf6 2. Nc3 g6 3. g3 Bg7 4. Bg2 O-O 5. e4 d6 6. Nge2 c5 7. O-O Nc6 8. d3
Rb8 9. h3 Ne8 10. Be3 Nc7 11. d4 b5 12. cxb5 Nxb5 13. dxc5 dxc5 14. Bxc5 Nxc3
15. bxc3 Qa5 16. Be3 Ne5 17. Qd5 Rb5 18. Qd1 Ba6 19. Re1 Rb2 20. Bc1 Rd8 21.
Qxd8+ Qxd8 22. Bxb2 Qd2 23. Ba3 Bxe2 24. Rab1 h5 25. Bxe7 Nd3 26. Rb8+ Kh7 27.
Reb1 Bd1 0-1

[Event "Hastings Masters 2022/23"]
[Site "Hastings"]
[Date "2023.01.01"]
[Round "5.26"]
[White "Pollack, Oscar"]
[Black "Kumar, Soham"]
[Result "1-0"]
[WhiteElo "2112"]
[BlackElo "1844"]
[PlyCount "77"]
[EventDate "2022.12.28"]
[EventType "swiss"]
[EventRounds "10"]
[EventCountry "ENG"]

1. e4 c5 2. Nf3 g6 3. d4 cxd4 4. Nxd4 Bg7 5. c4 Nc6 6. Be3 d6 7. Nc3 Nf6 8. Be2
O-O 9. O-O Bd7 10. h3 Nxd4 11. Bxd4 Bc6 12. Qc2 a5 13. Rad1 Qc7 14. b3 e6 15.
a4 Rfd8 16. f4 Rac8 17. Kh1 d5 18. exd5 exd5 19. Qb2 dxc4 20. Bxc4 Qd7 21. Kg1
Qf5 22. Be5 h5 23. Qe2 Re8 24. Qf2 Bf8 25. Bd3 Qe6 26. Qg3 Bg7 27. Bc4 Qf5 28.
Rd6 Ne4 29. Qxg6 Rxe5 30. fxe5 Qxg6 31. Rxg6 Kh7 32. Rxc6 bxc6 33. Nxe4 Bxe5
34. Rxf7+ Kg6 35. Rf3 Bd4+ 36. Kf1 c5 37. Rg3+ Kh6 38. Ng5 Rf8+ 39. Nf7+ 1-0

[Event "Hastings Masters 2022/23"]
[Site "Hastings"]
[Date "2023.01.01"]
[Round "5.27"]
[White "Thompson, Ian D"]
[Black "Ruane, Brendan J"]
[Result "1-0"]
[WhiteElo "2082"]
[BlackElo "1804"]
[PlyCount "45"]
[EventDate "2022.12.28"]
[EventType "swiss"]
[EventRounds "10"]
[EventCountry "ENG"]

1. c4 b6 2. Nc3 Bb7 3. e4 e6 4. Nf3 c5 5. Be2 Nc6 6. d3 g6 7. Bf4 d6 8. O-O Bg7
9. Qd2 a6 10. Rfe1 Nd4 11. Bd1 Ne7 12. Bh6 O-O 13. Bxg7 Kxg7 14. Nxd4 cxd4 15.
Ne2 e5 16. Ng3 b5 17. b3 Qb6 18. f4 exf4 19. Qxf4 Qc5 20. e5 dxe5 21. Rxe5 Qd6
22. Nh5+ Kh8 23. c5 1-0

[Event "Hastings Masters 2022/23"]
[Site "Hastings"]
[Date "2023.01.01"]
[Round "5.28"]
[White "Waldhausen Gordon, Frederick"]
[Black "Dewangan, Aayush"]
[Result "0-1"]
[WhiteElo "2069"]
[BlackElo "1472"]
[PlyCount "164"]
[EventDate "2022.12.28"]
[EventType "swiss"]
[EventRounds "10"]
[EventCountry "ENG"]

1. e4 c5 2. Nf3 d6 3. Bb5+ Nd7 4. c3 Ngf6 5. Qe2 g6 6. O-O Bg7 7. d4 cxd4 8.
cxd4 O-O 9. a4 a6 10. Bd3 e5 11. d5 Nc5 12. Bc2 Bg4 13. Ra3 Nfxe4 14. Bxe4 f5
15. Bc2 e4 16. b4 Nd7 17. Bxe4 Re8 18. Re3 fxe4 19. Rxe4 Rxe4 20. Qxe4 Bf5 21.
Qe2 a5 22. Bg5 Qb6 23. Nh4 Ne5 24. Nxf5 gxf5 25. b5 Qd4 26. Qc2 Qxd5 27. Rd1
Qc4 28. Na3 Qg4 29. Qb3+ Kh8 30. Be7 Rc8 31. Bxd6 Rd8 32. h3 Qe2 33. b6 Nf7 34.
Nb5 Nxd6 35. f4 Nf7 36. Rxd8+ Nxd8 37. Qd5 Nc6 38. Qxf5 Qe3+ 39. Kh2 Qxb6 40.
Qc8+ Nd8 41. Qd7 Qf6 42. g3 Bf8 43. Nc7 Qe7 44. Qd4+ Bg7 45. Qb6 Qe2+ 46. Kh1
Qd1+ 47. Kg2 Bd4 48. Qb5 Qc2+ 49. Kf3 Qxc7 50. Ke4 Qc6+ 51. Kxd4 Qxb5 52. axb5
b6 53. Kd5 a4 54. Kc4 Nb7 55. Kb4 Nc5 56. f5 Kg7 57. g4 Kf6 58. Ka3 Kg5 59. Kb4
Kh4 60. Ka3 h6 61. f6 Kxh3 62. f7 Ne6 63. Kxa4 Kxg4 64. Kb4 Kf5 65. Kc4 Ke5 66.
Kd3 Kf6 67. Ke4 Kxf7 68. Kd5 h5 69. Kc6 h4 70. Kxb6 Ke7 71. Ka7 h3 72. b6 Nd8
73. b7 Nxb7 74. Kxb7 h2 75. Kc6 h1=Q+ 76. Kc5 Qe4 77. Kb5 Qc2 78. Kb4 Kd6 79.
Ka3 Qb1 80. Ka4 Kc5 81. Ka3 Kc4 82. Ka4 Qa1# 0-1

[Event "Hastings Masters 2022/23"]
[Site "Hastings"]
[Date "2023.01.01"]
[Round "5.29"]
[White "Wilson, Matthew R"]
[Black "Franco, Gaston"]
[Result "1-0"]
[WhiteElo "1722"]
[BlackElo "2051"]
[PlyCount "73"]
[EventDate "2022.12.28"]
[EventType "swiss"]
[EventRounds "10"]
[EventCountry "ENG"]

1. e4 c5 2. Nf3 Nc6 3. Bb5 g6 4. O-O Bg7 5. Re1 e5 6. Bxc6 dxc6 7. d3 b6 8. a4
a5 9. Be3 Nh6 10. Bxh6 Bxh6 11. Nxe5 Bg7 12. Ng4 h5 13. Ne3 Bxb2 14. Ra2 Bg7
15. c3 O-O 16. f4 b5 17. e5 b4 18. Rd2 Rb8 19. Qf3 Qc7 20. Nc4 Rd8 21. Qe3 Bf8
22. h3 Be6 23. Red1 bxc3 24. Nxc3 Rb3 25. Rc1 Rd4 26. Nd6 Bxd6 27. exd6 Qb6 28.
Ne4 c4 29. Rc3 f5 30. Rxb3 cxb3 31. Ng5 Bf7 32. d7 Qb4 33. Qe8+ Qf8 34. Nxf7 b2
35. Rxb2 Rxd7 36. Qxd7 Qc5+ 37. Kh2 1-0

[Event "Hastings Masters 2022/23"]
[Site "Hastings"]
[Date "2023.01.01"]
[Round "5.30"]
[White "Norinkeviciute, Rasa"]
[Black "Hutchinson, Paul A"]
[Result "1-0"]
[WhiteElo "1969"]
[BlackElo "2135"]
[PlyCount "103"]
[EventDate "2022.12.28"]
[EventType "swiss"]
[EventRounds "10"]
[EventCountry "ENG"]

1. c4 c6 2. Nf3 d5 3. e3 Nf6 4. b3 Bf5 5. Bb2 e6 6. Nc3 Nbd7 7. d4 Bd6 8. Be2
h5 9. a3 Rc8 10. b4 dxc4 11. Bxc4 a5 12. b5 Nd5 13. Qb3 Nxc3 14. Bxc3 O-O 15.
Nd2 Nf6 16. b6 Ra8 17. Be2 Re8 18. Nc4 a4 19. Qb2 Bb8 20. f3 Nd5 21. Bd2 Qh4+
22. Kf1 Nf6 23. Qc3 Nd5 24. Qb2 Qf6 25. Kg1 Qg6 26. Kf2 Qf6 27. Kg1 Bg6 28. g3
Qe7 29. Kg2 h4 30. e4 Nf6 31. Bg5 Qd7 32. Rhd1 Nxe4 33. fxe4 Bxe4+ 34. Kf2
hxg3+ 35. hxg3 Qd5 36. Bf4 Qf5 37. Ne3 Qh7 38. Ng2 e5 39. dxe5 g5 40. Rh1 Qg7
41. Rh2 gxf4 42. gxf4 Bxe5 43. fxe5 Rxe5 44. Nf4 Rae8 45. Rg1 Bg6 46. Qd2 Qf6
47. Bf3 Rd8 48. Qc1 Rb5 49. Rg4 Rb2+ 50. Kg3 Rxh2 51. Kxh2 Kg7 52. Nh5+ 1-0

[Event "Hastings Masters 2022/23"]
[Site "Hastings"]
[Date "2023.01.01"]
[Round "5.31"]
[White "Chan, Sheng Liang Bernard"]
[Black "Royset, Pal"]
[Result "1/2-1/2"]
[WhiteElo "1986"]
[BlackElo "2058"]
[PlyCount "154"]
[EventDate "2022.12.28"]
[EventType "swiss"]
[EventRounds "10"]
[EventCountry "ENG"]

1. d4 d5 2. c4 e6 3. Nc3 Nf6 4. Bg5 Be7 5. cxd5 exd5 6. Qc2 c6 7. e3 a5 8. Bd3
Na6 9. a3 Nc7 10. Nf3 h6 11. Bh4 O-O 12. Ne5 Ng4 13. Bg3 Nxe5 14. Bxe5 Bd6 15.
Bxd6 Qxd6 16. O-O f5 17. f4 Qe7 18. Rae1 Be6 19. Na4 Ne8 20. Nb6 Rb8 21. Qc3
Qd8 22. Qxa5 Nd6 23. Qc5 g5 24. fxg5 hxg5 25. Na4 Rc8 26. Qc2 Rc7 27. Nc5 Bc8
28. Qe2 Qf6 29. Qf2 Qg7 30. Nb3 b6 31. Nd2 f4 32. Nf3 Ne4 33. Bxe4 dxe4 34. Ne5
Ba6 35. Qc2 Bxf1 36. Rxf1 fxe3 37. Qb3+ Kh7 38. Re1 Qf6 39. Qxe3 c5 40. Qxe4+
Kg7 41. Nf3 cxd4 42. Qxd4 Rd8 43. Qg4 Rd5 44. h4 Qf4 45. Qe6 Rd6 46. Nxg5 Qd4+
47. Qe3 Qxe3+ 48. Rxe3 Rc1+ 49. Kh2 Rc2 50. Rg3 Rxb2 51. Kh3 Rc6 52. h5 Kh6 53.
Nf7+ Kh7 54. h6 Rg6 55. Re3 Rbxg2 56. Re8 R6g3+ 57. Kh4 Rg8 58. Rxg8 Kxg8 59.
Ne5 Re2 60. Nd7 b5 61. Kg4 Kh7 62. Kf3 Re7 63. Nf6+ Kg6 64. Nd5 Re5 65. Nc3
Kxh6 66. Kf4 Rc5 67. Ne4 Rh5 68. Ke3 Kg6 69. Kd4 Kf7 70. Ng3 Rh3 71. Ne4 Rh4
72. Kd5 Ke7 73. Nc3 b4 74. axb4 Rxb4 75. Kc5 Rh4 76. Kd5 Kd7 77. Ne4 Rh1
1/2-1/2

[Event "Hastings Masters 2022/23"]
[Site "Hastings"]
[Date "2023.01.01"]
[Round "5.32"]
[White "Hng, Mei-En Emmanuelle"]
[Black "Jukes, Sam"]
[Result "1-0"]
[WhiteElo "2057"]
[BlackElo "1928"]
[PlyCount "81"]
[EventDate "2022.12.28"]
[EventType "swiss"]
[EventRounds "10"]
[EventCountry "ENG"]

1. Nf3 Nf6 2. c4 b6 3. g3 Bb7 4. Bg2 e6 5. O-O Be7 6. Nc3 O-O 7. Qc2 d5 8. cxd5
Nxd5 9. Nxd5 Bxd5 10. e4 Bb7 11. d4 c5 12. Rd1 Qc8 13. d5 exd5 14. exd5 h6 15.
Bf4 g5 16. Be5 g4 17. Nh4 Bxh4 18. gxh4 f5 19. Bf4 Nd7 20. Bxh6 Rf7 21. Re1 Nf8
22. Bg5 Qd7 23. a4 Re8 24. a5 Ng6 25. axb6 axb6 26. Rxe8+ Qxe8 27. Qc3 Qe5 28.
Re1 Qxc3 29. bxc3 Rd7 30. Re6 Nf8 31. Re5 Rf7 32. c4 Nd7 33. Re6 f4 34. Be4 Ba6
35. Bd3 g3 36. hxg3 fxg3 37. f4 Kg7 38. h5 Bb7 39. h6+ Kh8 40. Re8+ Nf8 41. Bg6
1-0

[Event "Hastings Masters 2022/23"]
[Site "Hastings"]
[Date "2023.01.01"]
[Round "5.33"]
[White "Marusenko, Petr"]
[Black "Ortiz Sanchez, Luis"]
[Result "0-1"]
[WhiteElo "2041"]
[BlackElo "1895"]
[PlyCount "112"]
[EventDate "2022.12.28"]
[EventType "swiss"]
[EventRounds "10"]
[EventCountry "ENG"]

1. d4 d5 2. c4 c6 3. Nf3 Nf6 4. e3 e6 5. Nc3 Nbd7 6. cxd5 exd5 7. Bd3 Bd6 8.
O-O O-O 9. Bd2 Re8 10. Qc2 Nf8 11. a3 Bg4 12. b4 Ng6 13. Ng5 Nf8 14. f3 Bh5 15.
f4 h6 16. Nf3 Bxf3 17. Rxf3 Qe7 18. Be1 Ne4 19. Na4 Rac8 20. Rh3 Nd7 21. Be2
Nef6 22. Bh4 Bxf4 23. exf4 Qxe2 24. Qxe2 Rxe2 25. Nc5 b6 26. Nd3 Re4 27. Bf2
Ng4 28. Rc1 Nxf2 29. Kxf2 Rxd4 30. Re3 Kf8 31. g3 Nf6 32. h3 Ne4+ 33. Kg2 f6
34. Rc2 c5 35. bxc5 bxc5 36. Nb4 f5 37. Nd3 c4 38. g4 Rb8 39. Nb4 Rb5 40. gxf5
a5 41. Nc6 Rd3 42. Rce2 Rxe3 43. Rxe3 Rb3 44. Kf3 c3 45. Nd4 Rxa3 46. Ne2 Rb3
47. Rd3 Rb5 48. Ke3 a4 49. Nd4 Rb6 50. Ne6+ Rxe6 51. fxe6 c2 52. Rxd5 c1=Q+ 53.
Kxe4 a3 54. Ke5 Qc7+ 55. Kf5 a2 56. Rd1 Qc2+ 0-1

[Event "Hastings Masters 2022/23"]
[Site "Hastings"]
[Date "2023.01.01"]
[Round "5.34"]
[White "Jacobs, Robert"]
[Black "Sugden, John N"]
[Result "1/2-1/2"]
[WhiteElo "1905"]
[BlackElo "1997"]
[PlyCount "122"]
[EventDate "2022.12.28"]
[EventType "swiss"]
[EventRounds "10"]
[EventCountry "ENG"]

1. d4 Nf6 2. Nf3 c5 3. d5 d6 4. Nc3 g6 5. e4 Bg7 6. Bc4 Na6 7. h3 Nc7 8. a4 O-O
9. O-O a6 10. Re1 Nd7 11. Bf4 Rb8 12. Qe2 Ne5 13. Nxe5 dxe5 14. Bg5 Qd6 15. Qd2
f6 16. Be3 b5 17. axb5 axb5 18. Be2 Bd7 19. Ra5 f5 20. f3 Rfc8 21. Rea1 Rb7 22.
Nd1 Ne8 23. Ra6 Qc7 24. exf5 Bxf5 25. Rc6 Qd8 26. Rxc5 Rxc5 27. Bxc5 Nd6 28. g4
Bd7 29. Ra6 Qc7 30. Qb4 e4 31. Bxd6 Qxc2 32. Ra8+ Kf7 33. Qxe4 Qxe4 34. fxe4
exd6 35. Ra6 Ke7 36. b4 Rc7 37. Kf2 Bd4+ 38. Kf3 Rc8 39. Ra5 Rf8+ 40. Kg3 Rb8
41. Nf2 Rb7 42. g5 Ra7 43. Rxa7 Bxa7 44. h4 Bd4 45. Nd3 Bc3 46. Kf4 Bd2+ 47.
Kg3 Bc3 48. Bg4 Bxg4 49. Kxg4 Be5 50. Kf3 Kf7 51. Kg4 Bc3 52. h5 Ke7 53. hxg6
hxg6 54. Kf3 Bd2 55. e5 dxe5 56. Ke4 Bxg5 57. Nxe5 Bd2 58. Nxg6+ Kd6 59. Nh4
Bxb4 60. Nf5+ Kc7 61. Nd4 Kb6 1/2-1/2